000 01074nam a22002297a 4500
005 20240412072857.0
008 130821s1843 ck gr spa
040 _aCo-BoUCM
_bspa
_cDavid Moreno (modificó)
_dDavid Moreno (modificó)
041 0 0 _aspa
100 1 _aCastillo, Francisca Josefa de la Concepción de
_977397
_d1671-1742.
245 1 0 _aSentimientos espirituales de la venerable madre Francisca Josefa de la Concepción del Castillo, religiosa del Convento de Santa Clara de la ciudad de Tunja en la República Neo-Granadina del Sur-América
_bescritos por ella misma de orden de sus confesores
_cFrancisca Josefa del Castillo y Guevara
260 _aBogotá
_bImprenta de Bruno Espinosa
_c1843
300 _axviii, 276, [8] Paginas
500 _aIncluye índice
504 _aIncluye referencias bibliográficas
650 1 4 _aVida cristiana
_926223
650 1 4 _aVida espiritual
_926229
650 1 4 _aVida religiosa
_926235
650 1 4 _aIglesia católica
_978083
942 _cLIBRO
_a4
_e1
_mS35
_n0
_2DEWEY
_h248.4
999 _c86948
_d86948